| Tag |
First Indicator |
Second Indicator |
Subfields |
| LEADER |
00000cam a2200000 a 4500 |
| 001 |
in00000097116 |
| 005 |
20150924085018.0 |
| 008 |
800506s1980 mau 00011 engm |
| 010 |
|
|
|a 80015633
|
| 020 |
|
|
|a 0316208779 :
|c $10.95
|
| 035 |
|
|
|a (OCoLC)06356319
|
| 035 |
|
|
|9 AAK8990AM
|
| 040 |
|
|
|a DLC
|c DLC
|d m.c.
|d OCL
|d TXA
|d UtOrBLW
|
| 049 |
|
|
|a [Curr Col] TXAM
|c [388854]
|
| 050 |
0 |
0 |
|a PS3555 C55
|b S66
|
| 082 |
0 |
|
|a 813/.54
|a Fic
|
| 100 |
1 |
|
|a Eckert, Allan W.
|
| 245 |
1 |
0 |
|a Song of the wild /
|c Allan W. Eckert.
|
| 250 |
|
|
|a 1st ed.
|
| 264 |
|
1 |
|a Boston :
|b Little, Brown,
|c [1980]
|
| 264 |
|
4 |
|c ©1980
|
| 300 |
|
|
|a 225 pages ;
|c 22 cm.
|
| 336 |
|
|
|a text
|b txt
|2 rdacontent
|
| 337 |
|
|
|a unmediated
|b n
|2 rdamedia
|
| 338 |
|
|
|a volume
|b nc
|2 rdacarrier
|
| 520 |
|
|
|a A young boy's remarkable ability to transfer his consciousness at will into any living organism and to share what it experiences proves to be an exhilarating but bittersweet gift.
|
| 650 |
|
1 |
|a Extrasensory perception
|x Fiction.
|
| 999 |
|
|
|a MARS
|
| 999 |
f |
f |
|s f0f6010c-2a3e-32b1-8772-882394a53833
|i 70a679e1-c85e-3590-9651-168b759487e4
|t 0
|
| 952 |
f |
f |
|p ric
|a Texas A&M University
|b Rellis Campus
|c Joint Library Facility
|d Remote Storage
|t 0
|e PS3555 C55 S66
|h Library of Congress classification
|i unmediated -- volume
|m A14806041336
|
| 998 |
f |
f |
|a PS3555 C55 S66
|t 0
|l Remote Storage
|